000 00366nam a2200157Ia 4500
008 230312s9999||||xx |||||||||||||| ||und||
020 _a0-07-060091-0
082 _a658.8
_bCOO
100 _aCooper, Donald R
245 0 _aMarketing Research
260 _bTata McGraw Hill
_aNew Dehli
_c2006
300 _a771
546 _aEng.
650 _aManagement
942 _cBK
999 _c407
_d407